Central Library OPAC University of Rajshahi

অফিস ব্যবস্থাপনা = Office Management / (Record no. 55919)

MARC details
000 -LEADER
fixed length control field 00896nam a2200241 a 4500
001 - CONTROL NUMBER
control field 55919
003 - CONTROL NUMBER IDENTIFIER
rucl marc code BD-RjUL
005 - DATE AND TIME OF LATEST TRANSACTION
control field 20211209080330.0
008 - FIXED-LENGTH DATA ELEMENTS--GENERAL INFORMATION
fixed length control field 161123s1989 bg a|||| |||| 00| 0 ben d
020 ## - INTERNATIONAL STANDARD BOOK NUMBER
Terms of availability : TK 45.00
035 ## - SYSTEM CONTROL NUMBER
System control number (BD-RjUL)56043
040 ## - CATALOGING SOURCE
Original cataloging agency BD-RjUL
Language of cataloging ben
Transcribing agency BD-RjUL
Modifying agency BD-RjUL
041 ## - LANGUAGE CODE
Language code of text/sound track or separate title ben
082 ## - DEWEY DECIMAL CLASSIFICATION NUMBER
Edition number 23
Classification number 651.3
Author mark and year ANO 1989
100 1# - MAIN ENTRY--PERSONAL NAME
Personal name আনঞ্জুম, নাসিম
9 (RLIN) 146741
245 10 - TITLE STATEMENT
Title অফিস ব্যবস্থাপনা = Office Management /
Statement of responsibility, etc. নাসিম আনঞ্জুম
250 ## - EDITION STATEMENT
Edition statement ৩য় সং.
260 ## - PUBLICATION, DISTRIBUTION, ETC. (IMPRINT)
Place of publication, distribution, etc. রাজশাহী, বাংলাদেশ :
Name of publisher, distributor, etc. বৃত প্রকাশনী,
Date of publication, distribution, etc. ১৯৮৯
300 ## - PHYSICAL DESCRIPTION
Pagination [৩], ৪৬৭ পৃ. :
Illustrations চিত্র ;
Size ২১ সেমি.
650 ## - SUBJECT ADDED ENTRY--TOPICAL TERM
Topical term or geographic name as entry element অফিস ব্যবস্থাপনা
9 (RLIN) 143613
Topical term or geographic name as entry element Office Management
9 (RLIN) 143614
942 ## - ADDED ENTRY ELEMENTS (KOHA)
Source of classification or shelving scheme Dewey Decimal Classification
Koha item type Books
Holdings
Lost status Source of classification or shelving scheme Damaged status Not for loan Collection code Permanent Location Current Location Shelving location Date acquired Source of acquisition Cost, normal purchase price Total Checkouts Full call number Date last seen Copy number Koha item type
  Dewey Decimal Classification     Non-fiction Central Library, University of Rajshahi Central Library, University of Rajshahi   26/07/1984 DU. Library 30.00   B 651.3 ANO 1989 23/11/2016 C-2 Books
  Dewey Decimal Classification   Not For Loan Non-fiction Central Library, University of Rajshahi Central Library, University of Rajshahi Reading Room 07/08/1984 Imprial books, Rajshahi 30.00   B 651.3 ANO 1989 23/01/2017 C-1 Books